000 00533cam a2200205ua 4500
001 6442
005 20260515114042.0
008 131207n ii |||gr||||Z||||||eng
020 _a81-272-2224-0
040 _cMAIN
082 _a338.7
245 _aBusiness organisation and management
_cBy R.K. sharma
260 _aLudhiana:
_bKalyani publishers,
_c2002.
300 _ax,561p.
653 _aCommerce
653 _aBusiness organisation
700 _aSharma,R.K.,
_eAuthor.,
700 _aGupta,Shashi K.,
_eAuthor.
942 _cBK
999 _c5586
_d5586